| 000 | 00720nam a2200205 a 4500 | ||
|---|---|---|---|
| 005 | 20210223121150.0 | ||
| 008 | 991125s1994 mx 000 0 spa u | ||
| 020 | _a9684266537 | ||
| 035 | _aUPN01000013197 | ||
| 049 | _aCG | ||
| 050 | 4 |
_aBF636 _bM4.2 |
|
| 100 | 1 |
_aMendoza Núñez, Alejandro _929303 |
|
| 245 | 1 | 0 |
_aCurso de relaciones humanas / _cAlejandro Mendoza Núñez, Manuel Alvarez Herrera. |
| 260 |
_aMéxico : _bEl Manual Moderno, _cc1994. |
||
| 300 | _a3 v. | ||
| 505 | 8 |
_aContenido: _gv.1. _tGuía para el supervisor -- _gv.2. _tManual del instructor -- _gv.3. _tManual de ejercicios |
|
| 650 | 4 |
_aRELACIONES INTERPERSONALES - _vMANUALES |
|
| 700 | 1 |
_aAlvarez Herrera, Manuel, _ecoaut. _931089 |
|
| 905 | _aLibro | ||
| 999 |
_c13197 _d13197 |
||